Ministry of fear : an entertainment (Record no. 1756)

MARC details
000 -LEADER
fixed length control field 00312nam a2200109 4500
082 ## - DEWEY DECIMAL CLASSIFICATION NUMBER
Classification number 823.912
Item number GRE
100 ## - MAIN ENTRY--PERSONAL NAME
Personal name Greene, Graham
245 ## - TITLE STATEMENT
Title Ministry of fear : an entertainment
Statement of responsibility, etc. Graham Greene
260 ## - PUBLICATION, DISTRIBUTION, ETC.
Place of publication, distribution, etc. Harmondsworth,Eng
Name of publisher, distributor, etc. Penguin Books
Date of publication, distribution, etc. 1963[reprinted 1972]
300 ## - PHYSICAL DESCRIPTION
Extent 236p.; 18cm.-
490 ## - SERIES STATEMENT
Series statement Penguin books
Holdings
Withdrawn status Lost status Damaged status Not for loan Collection code Home library Current library Date acquired Total Checkouts Full call number Barcode Date last seen Price effective from Koha item type
        ENGLISH North Eastern Hill University North Eastern Hill University 18/11/2011   823.912 GRE A1071 18/11/2011 18/11/2011 Books